Statistics for Tame Impala - New Person, Same Old Mistake

Click here to take the quiz!

General Stats

  • This quiz has been taken 39 times
  • The average score is 331 of 450

Answer Stats

Answer% Correct
a
100%
A
100%
Feel
100%
I
100%
like
100%
new
100%
person
100%
brand
97%
old
97%
same
97%
in
93%
In
93%
mistakes
93%
the
93%
The
93%
do
90%
it
90%
to
90%
what
90%
it's
86%
too
86%
But
83%
but
83%
can
83%
could
83%
don't
83%
hear
83%
"How
83%
how
83%
I'm
83%
just
83%
know
83%
now
83%
them
83%
us
83%
You
83%
you
83%
care
79%
down"?
79%
let
79%
love
79%
make
79%
and
76%
And
76%
have
76%
this
76%
be
72%
Stop
72%
for
69%
got
69%
late
69%
that
69%
they
69%
think
69%
way
69%
your
69%
deep?
66%
found
66%
from
66%
I've
66%
so
66%
So
66%
wil
66%
hard
62%
her
62%
maybe
62%
Maybe
62%
of
62%
'round
62%
see
62%
all
59%
All
59%
always
59%
digest
59%
fake
59%
fake's
59%
far?
59%
gone
59%
Thinkin'
59%
thinkin'
59%
Will
59%
will
59%
wrong
59%
you've
59%
before
55%
different
55%
direction
55%
Feeling
55%
finally
55%
Finally
55%
Going
55%
hate
55%
is
55%
not
55%
Not
55%
only
55%
rest
55%
right?
55%
right
55%
accept
52%
as
52%
can't
52%
regrets
52%
seems
52%
ain't
48%
longed
48%
me
48%
option
48%
Or
48%
out
48%
overtake
48%
she's
48%
still
48%
thinking
48%
time
48%
used
48%
Well
48%
with
48%
you'll
48%
demons
45%
fight
45%
Making
45%
takes
45%
why
45%
worth
45%
agree
41%
black
41%
every
41%
good
41%
One
41%
one
41%
read
41%
signs
41%
story
41%
taking
41%
Two
41%
white
41%
by
38%
gets
38%
sides
38%
sight
38%
tried
38%
flight
34%
Knowing
34%
Man
34%
Soon
34%
happening
31%
I'll
31%
much
31%
point
31%
there's
31%
while
31%
at
28%
realization
28%
trait
28%
stake
24%
was..
24%
was...
24%
describe
17%

Score Distribution

Percentile by Number Answered

Percent of People with Each Score

Your Score History

You have not taken this quiz